Handbook of Reading Research.

সংরক্ষণ করুন:
গ্রন্থ-পঞ্জীর বিবরন
অন্যান্য লেখক: Moje, Elizabeth Birr (Editor), Afflerbach, Peter P. (Editor), Enciso, Patricia (Editor), Lesaux, Nonie K. (Editor)
বিন্যাস: অজ্ঞাত
ভাষা:ইংরেজি
প্রকাশিত: New York, United States; London, England: Routledge; Taylor & Francis Group, 2020.
বিষয়গুলি:
ট্যাগগুলো: ট্যাগ যুক্ত করুন
কোনো ট্যাগ নেই, প্রথমজন হিসাবে ট্যাগ করুন!

MARC

LEADER 00000 a2200000 4500
003 CL-VaPUC
005 20241011125336.0
008 241009b ||||| |||| 00| 0 eng d
999 |c 444228  |d 444226 
020 |a 978-1-138937-37-6 
040 |c Pontificia Universidad Católica de Valparaíso 
082 |2 22  |a 428 MOJ 2020 
100 |a Moje, Elizabeth Birr  |9 890262  |e editor 
245 |a Handbook of Reading Research. 
260 |a New York, United States;  |a London, England:  |b Routledge;  |b Taylor & Francis Group,   |c 2020. 
300 |a Volumen V. 
583 |k Yessy Díaz Vidal  |c 20241009 
650 0 |9 307634  |a Lectura  |v Diseño y métodos de investigación  |x Educación pública 
650 0 |9 307634  |a Lectura  |v Aspectos cognitivos y psicológicos  |x Niños 
650 0 |9 547868  |a Comprensión lectora  |v Métodos de enseñanza 
650 0 |9 310435  |a Alfabetización   |x Enseñanza básica 
700 |9 892135  |a Afflerbach, Peter P.  |e editor 
700 |9 892136  |a Enciso, Patricia   |e editor 
700 |9 892137  |a Lesaux, Nonie K.  |e editor 
942 |2 ddc  |c BK 
952 |0 0  |1 0  |2 ddc  |4 0  |6 428_000000000000000_MOJ_2020  |7 0  |8 A  |9 597255  |a BIBEDU  |b BIBEDU  |d 2024-10-08  |e 13  |g 134708.00  |h v. V  |i 5663043  |o 428 MOJ 2020  |p 5663043  |r 2024-10-08  |t 1  |v 134708.00  |w 2024-10-08  |y BK  |k LIT